Expressions de la langue française utilisant le mot oeil ou yeux - Statistiques

Statistiques générales
  • Ce quiz a été pris 288 fois
  • Le résultat moyen est 26 sur 34
Statistiques - réponses
Expression Mot manquant % Correct
supplier du regard :faire les yeux .... doux
97%
avoir un oeil au .... noir beurre
96%
examen rapide : jeter un .... d'oeil coup
96%
oeil pour oeil, ... pour .... dent
96%
loin des yeux, loin du .... coeur
95%
faire erreur : se mettre le .... dans l'oeil doigt
94%
courageux : n'avoir pas .... aux yeux froid
94%
vue perçante : oeil de .... lynx
94%
avoir les yeux plus grands que le .... ventre
94%
faire plaisir : pour ses ... yeux beaux
93%
ne pas pouvoir fermer l'oeil de la .... nuit
93%
défavorable : voir les choses d'un ... oeil mauvais
92%
face à face : les yeux dans les ..... yeux
92%
y tenir comme la .... de ses yeux prunelle
91%
favorable : voir les choses d'un ... oeil bon
90%
ne pas avoir les yeux en face les .... trous
89%
avoir des yeux de .... frit merlan
88%
c'est évident : ça .... aux yeux saute
88%
très observateur : ne pas avoir les yeux dans sa .... poche
86%
apparences flatteuses mais trompeuses :jeter de la .... aux yeux poudre
84%
grosso modo : à ... d'oeil vue
84%
air sévère : faire les ... yeux gros
82%
évaluer rapidement :avoir un ... dans l'oeil compas
79%
n'avoir plus que ses yeux pour .... pleurer
78%
ça coûte les yeux de la .... tête
78%
ne plus supporter : .... par les yeux sortir
76%
bon .... bon oeil pied
65%
lucarne ovale ou circulaire :oeil de .... boeuf
51%
personne qui espionne : l'oeil de ..... (ville) Moscou
44%
cor au pied : oeil de ... perdrix
35%
avec étonnement : regarder avec les yeux .... ronds
24%
très attentif : tout yeux, tout .... oreilles
23%
en toute connaissance : les yeux .... fermés
17%
pierre bleue : oeil de .... faucon
10%
Aucun quiz correspondant
Distribution des résultats
% des personnes avec chaque résultat
Percentile par nombre de réponses
Votre historique - résultats
Vous n’avez pas pris ce quiz